[Event "Rated Blitz game"]
[Site "?"]
[Date "2021.11.11"]
[Round "?"]
[White "Vahe_S"]
[Black "Aldebaraan"]
[Result "1-0"]
[WhiteElo "2448"]
[BlackElo "2334"]
[PlyCount "91"]
[EventDate "2021.??.??"]
[EventType "blitz"]

1. e4 e5 2. Nf3 d5 3. exd5 e4 4. Qe2 f5 5. d3 Nf6 6. Nc3 Bd6 7. Bd2 O-O 8. dxe4
fxe4 9. Nd4 Bg4 10. Qe3 Nbd7 11. Ne6 Bxe6 12. dxe6 Nc5 13. Bc4 Qe7 14. O-O-O
Rae8 15. h3 a6 16. a3 b5 17. Ba2 Kh8 18. Rhe1 Nxe6 19. Nxe4 Bf4 20. Qd3 Bxd2+
21. Qxd2 Nxe4 22. Rxe4 Qf6 23. Rde1 Qxf2 24. Qxf2 Rxf2 25. Rxe6 Rxe6 26. Rxe6
h6 27. Bd5 a5 28. Be4 Kg8 29. Bg6 b4 30. Re8+ Rf8 31. axb4 Rxe8 32. Bxe8 axb4
33. Kd2 Kf8 34. Bg6 Ke7 35. h4 Kf6 36. h5 c5 37. Kd3 Ke5 38. Kc4 Kd6 39. c3
bxc3 40. Kxc3 Kc6 41. b3 Kd6 42. Kc4 Kc6 43. Be8+ Kd6 44. g4 Ke7 45. Bb5 Kd6
46. Ba4 {Normal} 1-0

[Event "Rated Blitz tournament u9xYn3rL"]
[Site "?"]
[Date "2021.11.11"]
[Round "?"]
[White "pphhndn01"]
[Black "om_gendut"]
[Result "1/2-1/2"]
[WhiteElo "2210"]
[BlackElo "2444"]
[PlyCount "89"]
[EventDate "2021.??.??"]
[EventType "blitz"]

1. e4 e5 2. Nf3 d5 3. d3 dxe4 4. dxe4 Qxd1+ 5. Kxd1 Bg4 6. Be2 Nc6 7. h3 Bh5 8.
Ke1 Bg6 9. Bd3 Nf6 10. Nbd2 O-O-O 11. a3 Be7 12. b4 Nd7 13. Bb2 f6 14. Nh4 Nf8
15. Nxg6 hxg6 16. f3 Ne6 17. Nb3 Nf4 18. Bf1 g5 19. Bc1 Ne6 20. Be3 Ned4 21.
Bxd4 Nxd4 22. Nxd4 Rxd4 23. Bd3 Rhd8 24. Ke2 c5 25. bxc5 Bxc5 26. Rhb1 Ra4 27.
Rb3 b6 28. Bb5 Rad4 29. Bd3 Kb8 30. a4 a5 31. Rb5 Kc7 32. Rb3 Rb4 33. Rxb4 Bxb4
34. Rd1 Rd6 35. Bb5 Rxd1 36. Kxd1 Kd6 37. Ke2 Kc5 38. Kd3 Be1 39. g4 Bh4 40. c3
Bg3 41. Be8 Be1 42. Bb5 Bf2 43. Be8 Bg3 44. Bb5 Bf4 45. Be8 {Normal} 1/2-1/2

[Event "Rated Blitz game"]
[Site "?"]
[Date "2021.11.11"]
[Round "?"]
[White "samqr33"]
[Black "ALJHoNNzki"]
[Result "0-1"]
[WhiteElo "2385"]
[BlackElo "2400"]
[PlyCount "92"]
[EventDate "2021.??.??"]
[EventType "blitz"]

1. e4 e5 2. Nf3 d5 3. Nxe5 dxe4 4. d4 Bd6 5. Nc4 Nc6 6. Be3 f5 7. d5 Nce7 8.
Nc3 Nf6 9. Bg5 O-O 10. Qd4 h6 11. Bxf6 Rxf6 12. O-O-O a6 13. Nxd6 Rxd6 14. Bc4
b5 15. Bb3 Bb7 16. Qe5 Kh8 17. g4 b4 18. Na4 Bxd5 19. gxf5 Bxb3 20. axb3 Qf8
21. Qxe4 Nxf5 22. Rd5 Rxd5 23. Qxd5 Nd6 24. Rd1 Re8 25. Nc5 a5 26. Ne6 Qxf2 27.
Nxc7 Rd8 28. Ne6 Re8 29. Qxd6 Qe3+ 30. Kb1 Qxe6 31. Qxe6 Rxe6 32. Rd5 Ra6 33.
c3 g5 34. Kc2 Kg7 35. Kd3 Kg6 36. Kc4 bxc3 37. Kb5 Ra8 38. bxc3 Rb8+ 39. Ka4 h5
40. Rxa5 g4 41. Ra6+ Kg5 42. Ra5+ Kh4 43. Ra7 Kh3 44. b4 h4 45. Rh7 Rf8 46. b5
Rf3 {Time forfeit} 0-1

[Event "Rated Blitz tournament CWCV78mN"]
[Site "?"]
[Date "2021.11.11"]
[Round "?"]
[White "tonybrouillard"]
[Black "Annali-annaliew1979"]
[Result "1/2-1/2"]
[WhiteElo "2229"]
[BlackElo "2435"]
[PlyCount "131"]
[EventDate "2021.??.??"]
[EventType "blitz"]

1. e4 e5 2. Nf3 d5 3. exd5 e4 4. Ng1 f5 5. Nc3 Nf6 6. Bb5+ c6 7. dxc6 Nxc6 8.
d4 a6 9. Bxc6+ bxc6 10. Nge2 Bd6 11. Bf4 O-O 12. O-O Be6 13. Qd2 Rb8 14. Rab1
Qc7 15. Bxd6 Qxd6 16. Qf4 Qd7 17. Rfd1 Bc4 18. b3 Bxe2 19. Nxe2 Nd5 20. Qg5 h6
21. Qh4 f4 22. c4 f3 23. cxd5 fxe2 24. Re1 Qxd5 25. Rxe2 Rbe8 26. Rd1 c5 27.
Red2 cxd4 28. Rxd4 Qc5 29. h3 e3 30. fxe3 Rxe3 31. Kh1 Re6 32. R4d2 Ref6 33.
Qc4+ Qxc4 34. bxc4 Rc6 35. Rd4 Rfc8 36. Rd6 Rxc4 37. Rxa6 R8c5 38. Rd7 Rg5 39.
Ra8+ Kh7 40. Rd2 Rcc5 41. a4 Ra5 42. Rxa5 Rxa5 43. Rd4 Kg6 44. Kh2 Kf5 45. Kg3
Ke5 46. Rg4 g5 47. h4 Kf5 48. hxg5 hxg5 49. Rb4 Kg6 50. Kg4 Kh6 51. g3 Kg6 52.
Rb6+ Kg7 53. Kh5 Rxa4 54. Kxg5 Ra5+ 55. Kh4 Ra1 56. g4 Ra4 57. Kh5 Ra7 58. g5
Rd7 59. Rc6 Ra7 60. Rg6+ Kh7 61. Rh6+ Kg7 62. Rg6+ Kh7 63. Rh6+ Kg8 64. Rg6+
Kh8 65. Rh6+ Kg7 66. Rg6+ {Normal} 1/2-1/2

[Event "Rated Blitz tournament bQyBbbG4"]
[Site "?"]
[Date "2021.11.11"]
[Round "?"]
[White "giftedcreation"]
[Black "CalypsoChess"]
[Result "1-0"]
[WhiteElo "2412"]
[BlackElo "2232"]
[PlyCount "93"]
[EventDate "2021.??.??"]
[EventType "blitz"]

1. e4 e5 2. Nf3 d5 3. exd5 Bd6 4. d3 f5 5. Nc3 Nf6 6. g3 O-O 7. Bg2 Qe8 8. O-O
a6 9. Re1 Nbd7 10. Bg5 Qg6 11. Qd2 h6 12. Bxf6 Rxf6 13. Nh4 Qf7 14. f4 b5 15.
Nf3 b4 16. fxe5 bxc3 17. Qxc3 Nxe5 18. Nxe5 Qh5 19. Qc6 Rb8 20. b3 Bxe5 21.
Rxe5 Rxc6 22. dxc6 a5 23. Rae1 Ba6 24. c4 a4 25. Bd5+ Kh7 26. Rxf5 Qg4 27. Rf4
Qg5 28. Be4+ Kh8 29. Ref1 Qc5+ 30. Kg2 axb3 31. axb3 Rg8 32. Bd5 Rd8 33. Rf7
Bc8 34. Be4 Qa3 35. b4 Qxb4 36. Rxc7 Qb2+ 37. Rf2 Qd4 38. Rff7 Qb2+ 39. Rf2 Qe5
40. Rcf7 Qc5 41. d4 Qb4 42. c5 g5 43. Rf8+ Rxf8 44. Rxf8+ Kg7 45. Rxc8 Qd2+ 46.
Kf3 Qxd4 47. Kg4 {Time forfeit} 1-0

[Event "Rated Blitz game"]
[Site "?"]
[Date "2021.11.10"]
[Round "?"]
[White "Stabbilojunior"]
[Black "MrGreshen"]
[Result "1-0"]
[WhiteElo "2508"]
[BlackElo "2521"]
[PlyCount "61"]
[EventDate "2021.??.??"]
[EventType "blitz"]

1. e4 e5 2. Nf3 d5 3. exd5 e4 4. Qe2 Qe7 5. Nd4 Nf6 6. Nc3 Nbd7 7. d3 exd3 8.
Qxe7+ Bxe7 9. Bxd3 Nb6 10. Ndb5 Nfxd5 11. Nxd5 Nxd5 12. Be4 c6 13. Bxd5 cxb5
14. O-O O-O 15. Re1 Bf6 16. c3 Rd8 17. Bf3 a5 18. Bf4 b4 19. Bc7 Rf8 20. cxb4
axb4 21. Re2 b3 22. a4 Bd7 23. a5 Rac8 24. Bd6 Bb5 25. Re3 Rfd8 26. Rxb3 Bc4
27. Rb6 Bd4 28. Bxb7 Rb8 29. Bxb8 Rxb8 30. Rb4 Bd5 31. Rxd4 {Normal} 1-0

[Event "Rated Blitz game"]
[Site "?"]
[Date "2021.11.10"]
[Round "?"]
[White "CoachVB_chessM"]
[Black "ALJHoNNzki"]
[Result "0-1"]
[WhiteElo "2445"]
[BlackElo "2397"]
[PlyCount "94"]
[EventDate "2021.??.??"]
[EventType "blitz"]

1. e4 e5 2. Nf3 d5 3. Nxe5 dxe4 4. Bc4 Qg5 5. f4 exf3 6. Qxf3 Qxe5+ 7. Kd1 Be6
8. Bxe6 fxe6 9. Re1 Qd6 10. Qxb7 Qc6 11. Qc8+ Kf7 12. Qd8 Nf6 13. Qd3 Qxg2 14.
Nc3 Qg4+ 15. Ne2 Bd6 16. c3 Nbd7 17. h3 Qh5 18. Qe3 Rhe8 19. Kc2 Nd5 20. Qf2+
Qf5+ 21. Qxf5+ exf5 22. d3 Nf4 23. Bxf4 Bxf4 24. Nxf4 Rxe1 25. Rxe1 g5 26. Ne6
Kg6 27. Nxc7 Rf8 28. Nd5 f4 29. c4 h5 30. Re6+ Kf5 31. Rh6 Nf6 32. Nxf6 Rxf6
33. Rxh5 f3 34. h4 Rg6 35. hxg5 Rxg5 36. Rh1 Kf4 37. Kc3 f2 38. Rf1 Ke3 39. d4
Rg1 40. Rxf2 Kxf2 41. d5 Ke3 42. c5 Ke4 43. d6 Kd5 44. b4 a6 45. a4 Rg3+ 46.
Kb2 Kc6 47. Ka2 Rc3 {Time forfeit} 0-1

[Event "Rated Blitz tournament etxJQNpy"]
[Site "?"]
[Date "2021.11.10"]
[Round "?"]
[White "stambul65"]
[Black "cuerosky"]
[Result "0-1"]
[WhiteElo "2471"]
[BlackElo "2319"]
[PlyCount "106"]
[EventDate "2021.??.??"]
[EventType "blitz"]

1. e4 e5 2. Nf3 d5 3. d4 dxe4 4. Nxe5 Bd6 5. Nc4 Nf6 6. Nc3 Bf5 7. Bg5 Be7 8.
Ne3 Bg6 9. Be2 Nc6 10. d5 Ne5 11. h4 h6 12. Bf4 Bd6 13. Qd4 Qe7 14. O-O-O O-O
15. Kb1 a6 16. g4 Rfd8 17. h5 Bh7 18. g5 hxg5 19. Bxg5 c5 20. dxc6 Nxc6 21.
Bxf6 Qxf6 22. Qxf6 gxf6 23. Ned5 Be5 24. Rde1 Nd4 25. Bc4 b5 26. Bb3 a5 27.
Nxe4 Bxe4 28. Rxe4 a4 29. c3 Nxb3 30. Ne7+ Kf8 31. axb3 Kxe7 32. f4 Ke6 33.
fxe5 fxe5 34. b4 f6 35. h6 Rh8 36. Reh4 Rag8 37. h7 Rg2 38. Rh6 Rf2 39. Rg1 a3
40. bxa3 Rf3 41. Rg8 Rxh7 42. Rxh7 Rxc3 43. Re8+ Kf5 44. Rb7 Rb3+ 45. Ka2 Re3
46. Rxb5 Re2+ 47. Kb3 Kf4 48. Rb6 f5 49. Rf6 Kg5 50. Ref8 Rf2 51. Rxf5+ Rxf5
52. Rxf5+ Kxf5 53. Kc3 e4 {Time forfeit} 0-1

[Event "Rated Blitz game"]
[Site "?"]
[Date "2021.11.10"]
[Round "?"]
[White "Hitman-11"]
[Black "RiskyBlitzer"]
[Result "0-1"]
[WhiteElo "2409"]
[BlackElo "2472"]
[PlyCount "28"]
[EventDate "2021.??.??"]
[EventType "blitz"]

1. e4 e5 2. Nf3 d5 3. Nc3 dxe4 4. Nxe4 f5 5. Nc3 e4 6. Ng1 Nf6 7. d3 Bc5 8. h3
O-O 9. dxe4 Bxf2+ 10. Kxf2 Nxe4+ 11. Kf3 Qh4 12. Qd5+ Kh8 13. Be3 Nc6 14. Nge2
Nb4 {Time forfeit} 0-1

[Event "Rated Blitz game"]
[Site "?"]
[Date "2021.11.10"]
[Round "?"]
[White "Nadigraj"]
[Black "Abik02"]
[Result "1/2-1/2"]
[WhiteElo "2767"]
[BlackElo "2787"]
[PlyCount "162"]
[EventDate "2021.??.??"]
[EventType "blitz"]

1. e4 e5 2. Nf3 d5 3. exd5 e4 4. Qe2 Nf6 5. d3 Bb4+ 6. c3 O-O 7. dxe4 Bd6 8.
Bg5 Re8 9. Nbd2 c6 10. dxc6 Nxc6 11. Qd3 h6 12. Bxf6 Qxf6 13. Be2 Bg4 14. O-O
Rad8 15. Qc2 Bf4 16. Nc4 Bc7 17. Rfd1 Bxf3 18. Bxf3 Qf4 19. h3 f5 20. Rxd8 Rxd8
21. Re1 Re8 22. Qd3 fxe4 23. Bxe4 Qh2+ 24. Kf1 Kh8 25. Re3 Bf4 26. Bxc6 Rf8 27.
Bf3 Bxe3 28. Nxe3 Qh1+ 29. Ke2 Qa1 30. Qc2 Qxa2 31. Bxb7 Re8 32. Bf3 Qc4+ 33.
Ke1 a5 34. Be2 Qc5 35. Kf1 Rf8 36. Qd2 Qb6 37. Bf3 a4 38. Kg1 Rb8 39. Nc4 Qb5
40. Qd4 Re8 41. Nd6 Re1+ 42. Kh2 Qxb2 43. Nf7+ Kg8 44. Bd5 Kf8 45. Qc5+ Ke8 46.
Qc6+ Kf8 47. Qc5+ Re7 48. Ne5 Qb8 49. f4 Qc7 50. Ng6+ Ke8 51. Qxe7+ Qxe7 52.
Nxe7 Kxe7 53. Ba2 a3 54. Kg3 Kd6 55. Kf3 Kc5 56. Kg4 Kb5 57. Kf5 Kc5 58. Kg6
Kd6 59. Kxg7 Ke7 60. Kxh6 Kf6 61. f5 Kxf5 62. g4+ Kf4 63. g5 Ke3 64. g6 Kd2 65.
g7 Kc2 66. g8=Q Kb2 67. Qb3+ Kc1 68. Qxa3+ Kd2 69. Qb3 Ke3 70. c4+ Kd4 71. c5
Kxc5 72. Qd3 Kb6 73. h4 Kc5 74. Kg5 Kb4 75. h5 Ka4 76. h6 Kb4 77. h7 Kc5 78.
h8=Q Kb4 79. Qhc3+ Ka4 80. Qdd4+ Kb5 81. Qcc5+ Ka6 {Time forfeit} 1/2-1/2

[Event "Rated Blitz game"]
[Site "?"]
[Date "2021.11.10"]
[Round "?"]
[White "janqis"]
[Black "Benny_Watts_2005"]
[Result "1-0"]
[WhiteElo "2416"]
[BlackElo "2396"]
[PlyCount "197"]
[EventDate "2021.??.??"]
[EventType "blitz"]

1. e4 e5 2. Nf3 d5 3. Nxe5 Bd6 4. d4 dxe4 5. Bc4 Bxe5 6. dxe5 Qxd1+ 7. Kxd1 Nc6
8. Bb5 Nge7 9. Nc3 Bf5 10. Bf4 O-O-O+ 11. Kc1 Nd4 12. Bc4 Rhf8 13. Re1 Ng6 14.
Bg3 Rde8 15. Nxe4 Nxe5 16. Bxe5 Rxe5 17. f3 Bxe4 18. Rxe4 Rxe4 19. fxe4 f6 20.
Kd2 Re8 21. Bd3 Ne6 22. Rf1 Nc5 23. Rf5 Nxe4+ 24. Bxe4 Rxe4 25. Rf3 Re6 26. Rg3
g6 27. Rh3 Re7 28. Rf3 f5 29. h4 c5 30. h5 b6 31. hxg6 hxg6 32. Rh3 Kd7 33. Rh8
Ke6 34. Rf8 Ke5 35. Ke3 Re6 36. Rf7 a5 37. c4 g5 38. g3 Rh6 39. Re7+ Kd6 40.
Rb7 Ke5 41. Re7+ Kd6 42. Rb7 Kc6 43. Rf7 Re6+ 44. Kd3 Re5 45. Rf6+ Kc7 46. Rf7+
Kc6 47. Rf6+ Kb7 48. Rf7+ Ka6 49. a4 Re1 50. Rxf5 g4 51. Rf4 Rd1+ 52. Kc3 Rc1+
53. Kb3 Rf1 54. Rxg4 Rf3+ 55. Kc2 Re3 56. Rg7 Rf3 57. b3 Re3 58. g4 Rg3 59. g5
Rf3 60. g6 Rg3 61. Rg8 Kb7 62. g7 Ka7 63. Kd2 Kb7 64. Ke2 Rg2+ 65. Kf3 Rg6 66.
Kf4 Ka7 67. Kf5 Rg2 68. Kf6 b5 69. cxb5 Rf2+ 70. Ke7 Re2+ 71. Kd7 Rd2+ 72. Kc6
Rg2 73. Kxc5 Rg6 74. b6+ Kb7 75. Kb5 Rxb6+ 76. Kc4 Rb4+ 77. Kc3 Rg4 78. Kd3
Rg3+ 79. Ke4 Rg4+ 80. Kf5 Rg2 81. Kf6 Rf2+ 82. Kg6 Rg2+ 83. Kf6 Rf2+ 84. Kg6
Rc2 85. Kf6 Rc6+ 86. Kf7 Rc7+ 87. Kg6 Rc6+ 88. Kh7 Rc3 89. Rf8 Rg3 90. Kg8 Kb6
91. Rf7 Rxg7+ 92. Kf8 Kc5 93. Rxg7 Kb4 94. Rg5 Ka3 95. Rxa5 Kb2 96. Rb5 Ka3 97.
a5 Kb2 98. a6 Ka3 99. a7 {Time forfeit} 1-0

[Event "Rated Blitz game"]
[Site "?"]
[Date "2021.11.10"]
[Round "?"]
[White "Coach_Vice2"]
[Black "Benny_Watts_2005"]
[Result "0-1"]
[WhiteElo "2531"]
[BlackElo "2376"]
[PlyCount "76"]
[EventDate "2021.??.??"]
[EventType "blitz"]

1. e4 e5 2. Nf3 d5 3. d4 dxe4 4. Nxe5 Bd6 5. Nc4 Nc6 6. Nxd6+ Qxd6 7. c3 Nf6 8.
Be2 O-O 9. Be3 Bf5 10. Nd2 Nd5 11. Nc4 Nxe3 12. Nxe3 Bg6 13. Qb3 b6 14. O-O-O
a5 15. a4 Kh8 16. h4 f5 17. Bc4 f4 18. h5 Be8 19. Ng4 Bd7 20. Ne5 Be8 21. Bf7
Nxe5 22. dxe5 Qxe5 23. Bd5 Rd8 24. h6 Bxa4 25. hxg7+ Kxg7 26. Qxa4 Rxd5 27. Qc6
Rxd1+ 28. Rxd1 Rf7 29. Rh1 e3 30. Qh6+ Kg8 31. Rh5 Qe7 32. Rg5+ Kh8 33. fxe3
fxe3 34. Qc6 e2 35. Qa8+ Rf8 36. Re5 e1=Q+ 37. Rxe1 Qxe1+ 38. Kc2 Rxa8 {Normal}
0-1

[Event "Rated Blitz tournament qILcLztq"]
[Site "?"]
[Date "2021.11.10"]
[Round "?"]
[White "Hamzcorp"]
[Black "Yatatu408Empire"]
[Result "0-1"]
[WhiteElo "2280"]
[BlackElo "2469"]
[PlyCount "72"]
[EventDate "2021.??.??"]
[EventType "blitz"]

1. e4 e5 2. Nf3 d5 3. exd5 e4 4. Qe2 Be7 5. Qxe4 Nf6 6. Qe2 O-O 7. d3 Bb4+ 8.
Nc3 Re8 9. Be3 Nxd5 10. Qd2 Nc6 11. O-O-O Be6 12. Kb1 Qd6 13. Ne4 Qd7 14. c3
Nxe3 15. fxe3 Qd5 16. b3 Be7 17. c4 Qd7 18. d4 Bf5 19. Bd3 Nb4 20. Nf2 Nxd3 21.
Nxd3 a5 22. Nfe5 Qe6 23. d5 Qxe5 24. Qb2 Qxb2+ 25. Kxb2 Bf6+ 26. Kc1 Rxe3 27.
Nc5 Bg5 28. Kb2 Re2+ 29. Kc3 Bf6+ 30. Rd4 Re3+ 31. Nd3 Rxd3+ 32. Kc2 Bxd4 33.
Kc1 Re8 34. Rd1 Re2 35. Rxd3 Bxd3 36. a3 Bc3 {Normal} 0-1

[Event "Rated Blitz game"]
[Site "?"]
[Date "2021.11.10"]
[Round "?"]
[White "lifetimeGOOD8"]
[Black "Schachelite"]
[Result "0-1"]
[WhiteElo "2397"]
[BlackElo "2465"]
[PlyCount "74"]
[EventDate "2021.??.??"]
[EventType "blitz"]

1. e4 e5 2. Nf3 d5 3. exd5 e4 4. Bb5+ c6 5. dxc6 bxc6 6. Qe2 cxb5 7. Qxb5+ Bd7
8. Qe5+ Qe7 9. Qxe7+ Bxe7 10. Nd4 Nc6 11. Ne2 Nb4 12. Na3 Rc8 13. Nc3 Nf6 14.
O-O O-O 15. Re1 Rfe8 16. Nxe4 Nxe4 17. Rxe4 Nxc2 18. Nxc2 Rxc2 19. d4 Bf6 20.
Rxe8+ Bxe8 21. Be3 Rxb2 22. Rc1 Rxa2 23. g4 h6 24. Rc8 Kf8 25. d5 Ke7 26. Bc5+
Kd7 27. Rb8 Ra5 28. Rb7+ Kc8 29. Rxa7 Rxc5 30. Ra8+ Kd7 31. Ra7+ Rc7 32. Ra8
Rc8 33. Ra7+ Kd6 34. f4 Kxd5 35. g5 hxg5 36. fxg5 Bxg5 37. Kg2 Bf6 {Normal} 0-1

[Event "Rated Blitz game"]
[Site "?"]
[Date "2021.11.10"]
[Round "?"]
[White "samatbor"]
[Black "MrGreshen"]
[Result "0-1"]
[WhiteElo "2432"]
[BlackElo "2479"]
[PlyCount "114"]
[EventDate "2021.??.??"]
[EventType "blitz"]

1. e4 e5 2. Nf3 d5 3. Nxe5 Bd6 4. d4 dxe4 5. Nxf7 Kxf7 6. Bc4+ Kf8 7. O-O Nf6
8. Bg5 Nc6 9. Nc3 Bf5 10. f3 e3 11. Bxe3 h6 12. Bd3 Qd7 13. Ne4 Re8 14. Nxf6
gxf6 15. Qd2 Kg7 16. Rae1 Nb4 17. Bxf5 Qxf5 18. Bxh6+ Kf7 19. Rxe8 Rxe8 20. c3
Nd5 21. g3 Qe6 22. Kf2 Nb6 23. Re1 Qxa2 24. Rxe8 Kxe8 25. h4 Nc4 26. Qe2+ Kd7
27. Bc1 Nb6 28. Qd3 Qg8 29. h5 Qxg3+ 30. Ke2 Qh2+ 31. Kd1 Qxh5 32. Kc2 Qd5 33.
Qh7+ Kc6 34. Qd3 f5 35. Bd2 Nc4 36. Bc1 Qb5 37. b3 Na5 38. c4 Qb4 39. d5+ Kb6
40. Be3+ Bc5 41. Bxc5+ Qxc5 42. Qxf5 Qf2+ 43. Kb1 Nxb3 44. Qc2 Qxf3 45. Qd1
Qxd1+ 46. Kb2 Qd4+ 47. Kxb3 Kc5 48. Kc2 Qxc4+ 49. Kd2 Qxd5+ 50. Ke2 Qc6 51. Kf2
Qb5 52. Kg3 a5 53. Kh4 Qb4+ 54. Kh5 a4 55. Kg5 a3 56. Kf6 Qb2+ 57. Kf5 a2 {
Normal} 0-1

[Event "Rated Rapid game"]
[Site "?"]
[Date "2021.11.10"]
[Round "?"]
[White "mArIn_mAksImOvIc"]
[Black "artsportscience"]
[Result "1-0"]
[WhiteElo "2296"]
[BlackElo "2478"]
[PlyCount "55"]
[EventDate "2021.??.??"]
[EventType "rapid"]

1. e4 e5 2. Nf3 d5 3. exd5 e4 4. Qe2 Nf6 5. Nc3 Be7 6. Nxe4 O-O 7. d4 Nxd5 8.
Bd2 Re8 9. O-O-O f5 10. Nc3 Nxc3 11. Bxc3 Bg5+ 12. Nxg5 Rxe2 13. h4 Re8 14.
Bc4+ Be6 15. Nxe6 Rxe6 16. Bxe6+ Kh8 17. Bxf5 Qd5 18. Rhe1 Nc6 19. Be6 Qxg2 20.
d5 Nb4 21. Bxb4 Qf3 22. Bc3 Re8 23. Rg1 Re7 24. a3 h6 25. Rg6 Kh7 26. Rdg1 Qf8
27. Kb1 b6 28. Rxg7+ {Normal} 1-0

[Event "Rated Blitz game"]
[Site "?"]
[Date "2021.11.10"]
[Round "?"]
[White "walaasarwat"]
[Black "petrosianuro"]
[Result "1-0"]
[WhiteElo "2457"]
[BlackElo "2290"]
[PlyCount "117"]
[EventDate "2021.??.??"]
[EventType "blitz"]

1. e4 e5 2. Nf3 d5 3. exd5 e4 4. Qe2 Nf6 5. d3 Qxd5 6. Nbd2 Be7 7. dxe4 Qa5 8.
Qb5+ Qxb5 9. Bxb5+ c6 10. Bd3 Nbd7 11. e5 Ng4 12. Nc4 b5 13. Nd6+ Bxd6 14. exd6
O-O 15. O-O Re8 16. h3 Nge5 17. Nxe5 Nxe5 18. Be4 Bd7 19. b3 Re6 20. Bb2 Rae8
21. Rad1 g6 22. Bd4 f5 23. Bxe5 Rxe5 24. Bf3 Kf7 25. b4 Kf6 26. Rd4 g5 27. c4
a6 28. cxb5 axb5 29. Kh2 Re1 30. Rxe1 Rxe1 31. Bxc6 Bxc6 32. d7 Bxd7 33. Rxd7
h5 34. Rd5 Re2 35. f3 Rxa2 36. Rxb5 h4 37. Rb8 Rb2 38. b5 Ke5 39. b6 Kf4 40.
Rb7 Rb3 41. Rb8 Rb2 42. b7 Rb3 43. Kg1 Rb1+ 44. Kf2 Rb2+ 45. Kf1 Kg3 46. Rg8
Rb1+ 47. Ke2 Rb2+ 48. Ke3 f4+ 49. Ke4 Rxb7 50. Rxg5+ Kf2 51. Kxf4 Rf7+ 52. Ke4
Re7+ 53. Kf5 Rf7+ 54. Kg6 Rf8 55. Rg4 Re8 56. f4 Rg8+ 57. Kh5 Rh8+ 58. Kg5 Rg8+
59. Kxh4 {Normal} 1-0

[Event "Rated Blitz game"]
[Site "?"]
[Date "2021.11.10"]
[Round "?"]
[White "KAPUTVSEMU"]
[Black "Abik02"]
[Result "1-0"]
[WhiteElo "2804"]
[BlackElo "2773"]
[PlyCount "63"]
[EventDate "2021.??.??"]
[EventType "blitz"]

1. e4 e5 2. Nf3 d5 3. Nc3 d4 4. Ne2 f6 5. Ng3 Be6 6. b3 Bc5 7. Bc4 Bxc4 8. bxc4
Ne7 9. d3 Qd7 10. O-O Qe6 11. Nh4 g6 12. f4 exf4 13. Bxf4 Nd7 14. Rb1 O-O-O 15.
Bd2 Nc6 16. Nf3 Nde5 17. Nxe5 Nxe5 18. Ne2 Nxc4 19. Nf4 Qd7 20. dxc4 d3+ 21.
Kh1 dxc2 22. Qxc2 Qxd2 23. Qb3 b6 24. Ne6 Bd6 25. c5 Be5 26. Qa4 Qh6 27. h3 Kb8
28. Qa6 Ka8 29. cxb6 cxb6 30. Rxb6 Rd7 31. Nc5 Rc7 32. Rb7 {Normal} 1-0

[Event "Rated Blitz game"]
[Site "?"]
[Date "2021.11.10"]
[Round "?"]
[White "Dmitry_Gritsenko"]
[Black "Rikikits"]
[Result "0-1"]
[WhiteElo "2546"]
[BlackElo "2739"]
[PlyCount "34"]
[EventDate "2021.??.??"]
[EventType "blitz"]

1. e4 e5 2. Nf3 d5 3. d4 dxe4 4. Nxe5 Nf6 5. Bc4 Be6 6. Bxe6 fxe6 7. O-O Nc6 8.
c3 Nxe5 9. dxe5 Qxd1 10. Rxd1 Ng4 11. Bf4 Bc5 12. Bg3 O-O 13. Rf1 e3 14. fxe3
Nxe3 15. Rxf8+ Rxf8 16. Bf2 Rxf2 17. Kxf2 Nc2+ {Normal} 0-1

[Event "Rated Rapid game"]
[Site "?"]
[Date "2021.11.10"]
[Round "?"]
[White "MrNoboody"]
[Black "Boris-Trapsky"]
[Result "1-0"]
[WhiteElo "2443"]
[BlackElo "2468"]
[PlyCount "133"]
[EventDate "2021.??.??"]
[EventType "rapid"]

1. e4 e5 2. Nf3 d5 3. d3 dxe4 4. dxe4 Nc6 5. Qxd8+ Kxd8 6. Bd3 a6 7. O-O Bg4 8.
h3 Bxf3 9. gxf3 Kd7 10. c3 Bd6 11. Rd1 Nge7 12. Bc4 Rhf8 13. b4 f5 14. Nd2 b5
15. Bd3 Ng6 16. a4 Nf4 17. Bf1 bxa4 18. Nc4 Ne6 19. exf5 Rxf5 20. Rxd6+ cxd6
21. Nb6+ Kc7 22. Nxa8+ Kb7 23. Rxa4 a5 24. Be3 Kxa8 25. Bd3 Rh5 26. Be4 Ned8
27. b5 Kb8 28. bxc6 Kc7 29. Kg2 g6 30. Bd5 h6 31. Rxa5 Nxc6 32. Rb5 g5 33. Rb6
Nd8 34. Kg3 Kd7 35. Ra6 Ke7 36. Ra7+ Ke8 37. Bb6 Rh4 38. Ra8 Ke7 39. Bxd8+ Kd7
40. Bb6 Rf4 41. Rd8+ Ke7 42. Rh8 Kd7 43. Rxh6 Rh4 44. Rxh4 gxh4+ 45. Kxh4 Ke8
46. Kg5 Ke7 47. h4 Kf8 48. Kg6 Ke7 49. h5 e4 50. Bxe4 Kf8 51. h6 d5 52. Bxd5
Ke7 53. h7 Kd6 54. h8=Q Kxd5 55. Qd4+ Kc6 56. Qc5+ Kb7 57. Qc7+ Ka6 58. Qa7+
Kb5 59. f4 Kc4 60. f5 Kxc3 61. f6 Kd3 62. f7 Ke2 63. f8=Q Kf1 64. Qa6+ Ke1 65.
Qe8+ Kd1 66. Qa2 Kc1 67. Qe1# {Normal} 1-0

[Event "Rated Blitz game"]
[Site "?"]
[Date "2021.11.10"]
[Round "?"]
[White "Ruben_Briceno"]
[Black "bokarina"]
[Result "0-1"]
[WhiteElo "2450"]
[BlackElo "2570"]
[PlyCount "90"]
[EventDate "2021.??.??"]
[EventType "blitz"]

1. e4 e5 2. Nf3 d5 3. exd5 e4 4. Qe2 Nf6 5. d3 Qxd5 6. dxe4 Qxe4 7. Nbd2 Qe6 8.
Qxe6+ Bxe6 9. Ng5 Bd5 10. Bc4 Bd6 11. Bxd5 Nxd5 12. O-O O-O 13. Nc4 Bc5 14. c3
Nc6 15. a4 a6 16. g3 Rfe8 17. Kg2 Re2 18. Kf3 Rae8 19. a5 f6 20. Nh3 g5 21. Kg2
Ne5 22. Nxe5 R8xe5 23. Ng1 Rc2 24. Nf3 Ree2 25. Nd4 Bxd4 26. cxd4 Kf7 27. Ra3
g4 28. Rb3 b5 29. axb6 cxb6 30. h3 gxh3+ 31. Kxh3 Rxf2 32. Rxf2 Rxf2 33. Ra3 a5
34. Kg4 Kg6 35. Rb3 Rh2 36. Rb5 h5+ 37. Kf3 Rc2 38. Rxd5 Rxc1 39. Rd6 Rc4 40.
d5 Rb4 41. Rc6 Rxb2 42. d6 Kf7 43. Rc7+ Ke6 44. d7 Ke7 45. Ra7 Rb4 {Normal} 0-1

[Event "Rated Blitz game"]
[Site "?"]
[Date "2021.11.10"]
[Round "?"]
[White "stich09"]
[Black "Benny_Watts_2005"]
[Result "1-0"]
[WhiteElo "2415"]
[BlackElo "2391"]
[PlyCount "33"]
[EventDate "2021.??.??"]
[EventType "blitz"]

1. e4 e5 2. Nf3 d5 3. exd5 e4 4. Qe2 Nf6 5. d3 Qxd5 6. dxe4 Qxe4 7. Nc3 Qxe2+
8. Bxe2 Be7 9. Bf4 c6 10. O-O-O Be6 11. Rhe1 Nbd7 12. Nd4 Bd5 13. Bf3 Bxf3 14.
gxf3 g6 15. Bd6 Ng8 16. Rxe7+ Nxe7 17. Re1 {Normal} 1-0

[Event "Rated Blitz game"]
[Site "?"]
[Date "2021.11.10"]
[Round "?"]
[White "Mr_FlagPunisher"]
[Black "Abik02"]
[Result "1-0"]
[WhiteElo "2677"]
[BlackElo "2768"]
[PlyCount "59"]
[EventDate "2021.??.??"]
[EventType "blitz"]

1. e4 e5 2. Nf3 d5 3. exd5 e4 4. Qe2 Nf6 5. d3 Bb4+ 6. c3 O-O 7. dxe4 Bd6 8.
Bg5 Re8 9. Nbd2 h6 10. Bxf6 Qxf6 11. O-O-O c6 12. Qd3 cxd5 13. exd5 Nd7 14. Ne4
Bf4+ 15. Kb1 Qb6 16. Qd4 Qa5 17. Bd3 Ne5 18. Nxe5 Bxe5 19. Qc5 Qd8 20. d6 Bf5
21. f4 Rc8 22. Qd5 Be6 23. Qxe5 Bxa2+ 24. Kxa2 Rxe5 25. fxe5 Qa5+ 26. Kb1 Qxe5
27. d7 Rd8 28. Rhe1 g6 29. Bc2 Kg7 30. Nd6 {Normal} 1-0

[Event "Rated Rapid game"]
[Site "?"]
[Date "2021.11.10"]
[Round "?"]
[White "hanyabdo"]
[Black "knife_fork"]
[Result "1-0"]
[WhiteElo "2427"]
[BlackElo "2457"]
[PlyCount "81"]
[EventDate "2021.??.??"]
[EventType "rapid"]

1. e4 e5 2. Nf3 d5 3. exd5 e4 4. Qe2 Nf6 5. Nc3 Be7 6. Nxe4 O-O 7. Nxf6+ Bxf6
8. d4 Bg4 9. Be3 Qxd5 10. h3 Bxf3 11. Qxf3 Qxf3 12. gxf3 Re8 13. O-O-O Nc6 14.
Bb5 a6 15. Bxc6 bxc6 16. c3 a5 17. a4 Be7 18. Rhg1 Bd6 19. Rg4 f5 20. Rg5 f4
21. Bd2 Re2 22. Rf1 h6 23. Rg4 Rae8 24. Kd1 c5 25. dxc5 Bxc5 26. Rxf4 Bxf2 27.
Rg4 h5 28. Rg2 Rxd2+ 29. Kxd2 Bc5 30. Re2 Rd8+ 31. Kc2 Bd6 32. f4 Kf7 33. f5 h4
34. Re6 Bg3 35. Rd1 Bd6 36. b4 axb4 37. cxb4 Ra8 38. Kb3 Ra6 39. b5 Rb6 40. Kc4
Rb8 41. a5 {Normal} 1-0